| 000 | 00957nam a2200265 a 4500 | ||
|---|---|---|---|
| 003 | DO-SdBNP | ||
| 005 | 20220114093355.0 | ||
| 007 | ta | ||
| 008 | 220103e2009 dr ao||gr|||| 001 e spa d | ||
| 020 | _a9789945140460 | ||
| 040 |
_aDO-SdBNP _bspa _cBNPHU |
||
| 082 | 4 |
_222 _bC172p |
|
| 100 | 1 |
_956691 _aCamarena, Germán |
|
| 245 | 1 | 0 |
_aPuerto Plata...causas de la crisis del turismo (1990 - 2008 / _cGermán Camarena; Fotografía, Ramón Grullón, Prólogo, Vittorio Bedin |
| 260 |
_aSanto Domingo : _bCorripio, _c2009 |
||
| 300 |
_a196 p. : _bil, fotogr. ; _c22 cm. |
||
| 500 | _aIncluye datos biográficos del autor en la contracubierta. | ||
| 504 | _aBibliografía: p.195 - 196 | ||
| 590 | _aInventariado 2021 / MF | ||
| 650 | 0 |
_98529 _aTurismo _xAspectos Económicos _zPuerto Plata (República Dominicana) |
|
| 700 | 1 |
_aBedin, Vittorio _eprólogo _980934 |
|
| 700 | 1 |
_958681 _aGrullón, Ramón, _efotografía |
|
| 910 | _aMFéliz | ||
| 942 |
_2ddc _cLBS1 |
||
| 999 |
_c51152 _d51152 |
||